Meranie konkurencieschopnosti viackriteriálnym hodnotením

Analýza konkurencieschopnosti výrobkov, ktorú určuje komplex rôznorodých vlastností. Z tohto dôvodu je pre meranie konkurencieschopnosti výrobkov vhodné použiť štatistické metódy najmä viackriteriálne hodnotenie, ktoré dokáže syntetizovať niekoľko rôznych znakov do jedného integrálneho ukazovateľa....

Descrizione completa

Salvato in:
Dettagli Bibliografici
Autore principale: Šebo, Juraj
Altri autori: Šebová, Miriam
Natura: Capitolo di libro
Lingua:slovacco
Soggetti:
Tags: Aggiungi Tag
Nessun Tag, puoi essere il primo ad aggiungerne!!

MARC

LEADER 00000nla$a2200000$$$4500
001 0132594
005 20240209070903.8
041 0 |a slo 
044 |a CZ 
245 1 0 |a Meranie konkurencieschopnosti viackriteriálnym hodnotením  |c Juraj Šebo, Miriam Šebová 
520 |a Analýza konkurencieschopnosti výrobkov, ktorú určuje komplex rôznorodých vlastností. Z tohto dôvodu je pre meranie konkurencieschopnosti výrobkov vhodné použiť štatistické metódy najmä viackriteriálne hodnotenie, ktoré dokáže syntetizovať niekoľko rôznych znakov do jedného integrálneho ukazovateľa. Prípadová štúdia hodnotenia konkurencieschopnosti osobných automobilov porovnávaním vybraných parametrov. Odvodenie súhrnného kvantifikátora Qi využitím korelačnej analýzy. 
610 2 0 |a rozhodovanie viackriteriálne 
610 2 0 |a konkurencieschopnosť 
610 2 0 |a výrobky 
610 2 0 |a analýza korelačná 
610 2 0 |a štúdie prípadové 
610 2 0 |a metódy štatistické 
100 1 |a Šebo, Juraj 
700 1 |a Šebová, Miriam